[Event "Tilburg rapid20"]
[Site "Tilburg"]
[Date "1994.??.??"]
[Round "6"]
[White "Salov, Valery"]
[Black "Ivanchuk, Vassily"]
[Result "1-0"]
[WhiteElo "2710"]
[BlackElo "2695"]

1.d4 Nf6 2.Nf3 d5 3.c4 dxc4 4.e3 c5 5.Bxc4 e6 6.Qe2 a6 7.dxc5 Bxc5 8.O-O Qc7
9.Nbd2 Nc6 10.Bd3 Be7 11.b3 O-O 12.Bb2 Bd7 13.Rac1 Rfc8 14.Ne4 Nd5 15.Ne5 Be8
16.Nxc6 Bxc6 17.Qg4 g6 18.Bc4 Qd8 19.Rfd1 b5 20.Bxd5 Bxd5 21.Rxc8 Qxc8 22.Nf6+ Bxf6
23.Bxf6 Qc2 24.Qd4 Rc8 25.h3 h5 26.Rd2 Qc1+ 27.Kh2 Qe1 28.Qf4 Bxg2 29.Kxg2 Qxd2
30.Qh6 Qd5+ 31.e4 Qxe4+ 32.Kh2  1-0

[Event "Alma-Ata m1"]
[Site "Alma-Ata"]
[Date "1995.??.??"]
[Round "?"]
[White "Salov, Valery"]
[Black "Karpov, Anatoly"]
[Result "0-1"]
[WhiteElo "2715"]
[BlackElo "2765"]

1.d4 Nf6 2.Nf3 e6 3.Bg5 h6 4.Bh4 b6 5.e3 Bb7 6.Nbd2 c5 7.c3 Be7 8.Bd3 cxd4
9.cxd4 O-O 10.O-O Nc6 11.a3 Rc8 12.Qe2 Nh5 13.Bxe7 Nxe7 14.Rfc1 Rc7 15.Ba6 Qb8
16.Rxc7 Qxc7 17.Bxb7 Qxb7 18.Rc1 Nf6 19.Qd3 Rc8 20.Rxc8+ Qxc8 21.Qc4 Qb7
22.Ne5 d6 23.Nd3 Nc6 24.b4 Ne7 25.b5 g5 26.h3 Kg7 27.a4 Ned5 28.Nb4 Nxb4
29.Qxb4 Qd5 30.Qc4 Qf5 31.Nf3 Qb1+ 32.Kh2 Qb2 33.Qc7 Ne4 34.Qxa7 Qxf2 35.Qxb6 h5
36.Qc6 Qxe3 37.b6 g4 38.b7 g3+ 39.Kh1 Nf2+ 40.Kg1 Nxh3+  0-1

[Event "Alma-Ata m1"]
[Site "Alma-Ata"]
[Date "1995.??.??"]
[Round "?"]
[White "Karpov, Anatoly"]
[Black "Salov, Valery"]
[Result "1/2-1/2"]
[WhiteElo "2765"]
[BlackElo "2715"]

1.d4 Nf6 2.Nf3 d6 3.Nbd2 Bg4 4.e4 Nbd7 5.c3 e6 6.h3 Bh5 7.Bd3 Be7 8.O-O O-O
9.Re1 c6 10.Nf1 d5 11.Ng3 Bg6 12.Bf4 dxe4 13.Nxe4 Nxe4 14.Bxe4 Bxe4 15.Rxe4 c5
16.Re2 cxd4 17.Qxd4 Nf6 18.Be5 Qxd4 19.Nxd4 a6 20.c4 Rac8 21.b3 Rfd8 22.Rd1 Nd7
23.Bg3 Nc5 24.f3 Bf6 25.Be5 Bxe5 26.Rxe5 Rd7 27.Kf2 f6 28.Ree1 Rcd8 29.b4 Rxd4
30.Rxd4 Rxd4 31.bxc5 Rxc4 32.Rxe6 Rxc5 33.Re7 b5 34.Ra7 Rc2+ 35.Kg3 Rxa2
36.h4 h6 37.Kf4 a5 38.h5 b4  1/2-1/2

[Event "Alma-Ata m1"]
[Site "Alma-Ata"]
[Date "1995.??.??"]
[Round "?"]
[White "Karpov, Anatoly"]
[Black "Salov, Valery"]
[Result "1-0"]
[WhiteElo "2765"]
[BlackElo "2715"]

1.d4 Nf6 2.c4 e6 3.Nf3 Bb4+ 4.Bd2 Qe7 5.g3 Nc6 6.Nc3 Bxc3 7.Bxc3 Ne4 8.Rc1 d6
9.Bg2 Nxc3 10.Rxc3 e5 11.O-O O-O 12.d5 Nb8 13.e4 Bg4 14.b4 a5 15.a3 axb4
16.axb4 Nd7 17.Qc2 Bxf3 18.Bxf3 c6 19.Bg4 g6  1-0

[Event "Alma-Ata m1"]
[Site "Alma-Ata"]
[Date "1995.??.??"]
[Round "?"]
[White "Salov, Valery"]
[Black "Karpov, Anatoly"]
[Result "0-1"]
[WhiteElo "2715"]
[BlackElo "2765"]

1.e4 c6 2.d4 d5 3.exd5 cxd5 4.Bd3 Nc6 5.c3 a6 6.Ne2 Qc7 7.Bf4 e5 8.dxe5 Nxe5
9.O-O Bd6 10.Bg3 Nf6 11.Bc2 O-O 12.Nd2 Bg4 13.h3 Bh5 14.Nb3 Rfe8 15.Nbd4 Rad8
16.Re1 Qb6 17.Bb3 Nc4 18.Bxd6 Rxd6 19.Bxc4 dxc4 20.Qc2 Bg6 21.Qc1 Rdd8 22.b4 Qd6
23.Ng3 Nd5 24.Rxe8+ Rxe8 25.Qd2 h6 26.a3 Qf4 27.Qxf4 Nxf4 28.Rd1 Bd3 29.f3 Nd5
30.Rc1 f5 31.Kf2 f4 32.Nge2 g5 33.a4 Ne3 34.g3 fxg3+ 35.Nxg3 Kf7 36.Nge2 Kg6
37.Rg1 Kh7 38.a5 Re7  0-1

[Event "Alma-Ata m1"]
[Site "Alma-Ata"]
[Date "1995.??.??"]
[Round "?"]
[White "Karpov, Anatoly"]
[Black "Salov, Valery"]
[Result "1-0"]
[WhiteElo "2765"]
[BlackElo "2715"]

1.d4 Nf6 2.c4 e6 3.Nf3 Bb4+ 4.Bd2 Qe7 5.Nc3 Nc6 6.g3 Bxc3 7.Bxc3 Ne4 8.Rc1 d6
9.d5 Nxc3 10.Rxc3 Nb8 11.dxe6 fxe6 12.Nd4 O-O 13.Bg2 Nd7 14.O-O Nf6 15.Qd2 e5
16.Nc2 c6 17.Ne3 Be6 18.Rd3 Rad8 19.Rd1 Ne8 20.Qa5 a6 21.Qb6 Rd7 22.b3 Nf6
23.R3d2 Rfd8 24.Qa5 h6 25.Qc3 Qf7 26.h3 Qe7 27.Kh2 Qf7 28.Qc2 Qe7 29.Qg6 Qf7
30.Qxf7+ Kxf7 31.f4 exf4 32.gxf4 d5 33.cxd5 Nxd5 34.Nxd5 Bxd5 35.e4 Be6 36.Rxd7+ Rxd7
37.Rxd7+  1-0

[Event "Donner mem"]
[Site "Amsterdam"]
[Date "1995.??.??"]
[Round "7"]
[White "Huzman, Alexander"]
[Black "Salov, Valery"]
[Result "1-0"]
[WhiteElo "2580"]
[BlackElo "2685"]

1.d4 Nf6 2.Nf3 e6 3.c4 b6 4.g3 Ba6 5.b3 b5 6.cxb5 Bxb5 7.Bg2 d5 8.O-O Nbd7
9.Ba3 Bxa3 10.Nxa3 Ba6 11.b4 Qe7 12.Rb1 Rb8 13.Qa4 Bxe2 14.Rfc1 Bxf3 15.Bxf3 Qd8
16.Nb5 O-O 17.Nxc7 Rb7 18.Na6 Qb6 19.b5 Nb8 20.Nc5 Rc7 21.Qb4 Rfc8 22.a4 a5
23.Qd2 Nbd7 24.Nb3 Rc4 25.Be2 Ne4 26.Qe1 Rc3 27.f3 Rxc1 28.Rxc1 Rxc1 29.Qxc1 Nd6
30.Qc3 Nc4 31.Bxc4 Qc7 32.Nxa5 Nb6 33.Nc6 Nxc4 34.Qb4 f6 35.a5 Kf7 36.Qc5 Ke8
37.b6 Qb7 38.a6  1-0

[Event "Donner mem"]
[Site "Amsterdam"]
[Date "1995.??.??"]
[Round "8"]
[White "Salov, Valery"]
[Black "Timman, Jan H"]
[Result "1/2-1/2"]
[WhiteElo "2685"]
[BlackElo "2590"]

1.d4 Nf6 2.c4 e6 3.Nf3 b6 4.Nc3 Bb7 5.a3 d5 6.Qc2 c5 7.cxd5 Nxd5 8.dxc5 Bxc5
9.Bg5 Qc8 10.Rc1 h6 11.Bd2 Nc6 12.b4 Bd6 13.Nb5 Qb8 14.e4 Nf6 15.Nxd6+ Qxd6
16.Bb5 Rc8 17.e5 Qd5 18.exf6 Qxb5 19.fxg7 Rg8 20.a4 Qd5 21.Qh7 Ke7 22.Rd1 Qc4
23.b5 Nb4 24.Bg5+ hxg5 25.Rd7+ Kxd7 26.Ne5+ Ke7 27.Nxc4 Bxg2 28.Rg1 Rxc4
29.Qxg8 Rc1+ 30.Kd2 Rc2+ 31.Ke1 Rc1+ 32.Kd2  1/2-1/2

[Event "Dos Hermanas"]
[Site "Dos Hermanas"]
[Date "1995.??.??"]
[Round "3"]
[White "Karpov, Anatoly"]
[Black "Salov, Valery"]
[Result "1-0"]
[WhiteElo "2780"]
[BlackElo "2715"]

1.d4 Nf6 2.c4 e6 3.Nf3 b6 4.g3 Ba6 5.b3 Bb4+ 6.Bd2 Be7 7.Bg2 c6 8.Bc3 d5
9.Ne5 Ne4 10.O-O Bb7 11.Bb2 Nd7 12.Qc2 Nxe5 13.dxe5 Nc5 14.Nd2 O-O 15.Rad1 a5
16.e4 dxc4 17.Nxc4 Qc7 18.Nd6 Ba6 19.Rfe1 Rad8 20.Qc3 f6 21.exf6 Bxd6 22.e5 Nd3
23.exd6 Rxd6 24.fxg7 Rxf2 25.Rxd3 Rxg2+ 26.Kxg2 Bxd3 27.Qf6 Qf7 28.Qxf7+ Kxf7
29.Be5 Rd5 30.g4 Kg8 31.h4 h5 32.gxh5 Bf5 33.Kf3 Rd7 34.Kf4 c5 35.Kg5 Kf7
36.Re2 Kg8 37.h6 Kh7 38.Rf2 Rd5 39.Kf6 Rd7 40.Rg2 Kg8 41.h7+ Bxh7 42.Kxe6 Rf7
43.Bf6 Rc7 44.Rd2 Rc6+ 45.Ke7 Rc7+ 46.Kd6 Rc8 47.Rf2 Bd3 48.Be5 Re8 49.h5 c4
50.h6 cxb3 51.axb3 Ra8 52.Ke7 Ra7+ 53.Ke6 Ra8 54.Bd6 Re8+ 55.Kd7  1-0

[Event "Dos Hermanas"]
[Site "Dos Hermanas"]
[Date "1995.??.??"]
[Round "5"]
[White "Piket, Jeroen"]
[Black "Salov, Valery"]
[Result "1/2-1/2"]
[WhiteElo "2670"]
[BlackElo "2715"]

1.d4 d5 2.c4 dxc4 3.e3 Nf6 4.Bxc4 e6 5.Nf3 c5 6.O-O a6 7.Bb3 Be7 8.Qe2 O-O
9.Nc3 cxd4 10.exd4 b5 11.Bg5 Bb7 12.Rad1 Nbd7 13.d5 exd5 14.Nxd5 Bxd5 15.Bxd5 Nxd5
16.Rxd5 Bxg5 17.Nxg5 h6 18.Rfd1 hxg5 19.Rxd7 Qf6 20.h3 Rae8 21.Qd2 Re6 22.Rd8 Rfe8
23.Rxe8+ Rxe8 24.b3 g6 25.a4 bxa4 26.bxa4 Kg7 27.Qd3 a5 28.Qd2 Re5 29.Qc3 Rf5
30.Qxf6+ Kxf6 31.Rd6+ Ke5 32.Rd7 Rf4 33.g3 Rxa4 34.Rxf7 Rc4 35.Ra7 Rc5 36.Ra6 Kd4
37.Rxg6 Kc3 38.Kg2 a4 39.h4 gxh4 40.gxh4 a3 41.Ra6 Kb3 42.Kg3 a2 43.Rxa2 Kxa2
44.Kg4 Rc1 45.h5 Kb3 46.h6 Kc4 47.Kf5 Kd5 48.h7 Rh1 49.Kg6 Ke6 50.Kg7 Rg1+
51.Kf8  1/2-1/2

[Event "Madrid"]
[Site "Madrid"]
[Date "1995.??.??"]
[Round "5"]
[White "Short, Nigel D"]
[Black "Salov, Valery"]
[Result "0-1"]
[WhiteElo "2655"]
[BlackElo "2715"]

1.e4 c5 2.Nf3 Nc6 3.d4 cxd4 4.Nxd4 Nf6 5.Nc3 d6 6.Bg5 e6 7.Qd2 a6 8.O-O-O h6
9.Be3 Nxd4 10.Bxd4 b5 11.f4 Be7 12.Bd3 b4 13.Ne2 Qa5 14.Bxf6 Bxf6 15.Bc4 O-O
16.Qxd6 Bb7 17.Qd3 Rfd8 18.Qe3 Rdc8 19.Bb3 Qc5 20.Qxc5 Rxc5 21.Ng3 a5 22.Ba4 Bh4
23.Rhe1 g5 24.fxg5 Bxg5+ 25.Kb1 Rd8 26.Rd3 Ba6 27.Rxd8+ Bxd8 28.Re3 h5 29.a3 h4
30.axb4 Rg5 31.b5 Bb7 32.Rd3 Bb6 33.Rd6 hxg3 34.h4 Rg4 35.Rxb6 Bxe4 36.Rc6 Bxg2
37.b6 Rxa4 38.b7 Rb4 39.Rc8+ Kg7 40.b8=Q Rxb8 41.Rxb8 Bd5  0-1

[Event "Madrid"]
[Site "Madrid"]
[Date "1995.??.??"]
[Round "6"]
[White "Salov, Valery"]
[Black "Illescas Cordoba, Miguel"]
[Result "1-0"]
[WhiteElo "2715"]
[BlackElo "2595"]

1.c4 Nf6 2.Nc3 e5 3.Nf3 Nc6 4.d4 exd4 5.Nxd4 Bb4 6.Bg5 h6 7.Bh4 Ne5 8.Qb3 Bc5
9.O-O-O Ng6 10.Bg3 O-O 11.e3 Nh5 12.Ne4 Nxg3 13.hxg3 Bxd4 14.Rxd4 d6 15.c5 Qe7
16.cxd6 cxd6 17.Bc4 Ne5 18.Nxd6 Nxc4 19.Qxc4 Be6 20.Qd3 a5 21.Kb1 a4 22.e4 Ra6
23.f4 a3 24.b3 Bg4 25.Rc1 Be2 26.Qd2 Rd8 27.e5 Bg4 28.Rc3 h5 29.Nc8 Rxc8
30.Rxc8+ Bxc8 31.Rd8+ Kh7 32.Qc2+ Rg6 33.Qxc8 Rc6 34.Rh8+ Kg6 35.Qh3 Rc1+
36.Kxc1 Qc5+ 37.Kb1 Qg1+ 38.Kc2 Qc5+ 39.Kd3 Qd5+ 40.Ke3 Qc5+ 41.Ke4 Qc6+
42.Kd4 Qb6+ 43.Kd3 Qb5+ 44.Kd2 Qb4+ 45.Ke2 Qb5+ 46.Ke1  1-0

[Event "Madrid"]
[Site "Madrid"]
[Date "1995.??.??"]
[Round "8"]
[White "Salov, Valery"]
[Black "San Segundo, Pablo"]
[Result "1/2-1/2"]
[WhiteElo "2715"]
[BlackElo "2480"]

1.e4 c5 2.Nf3 e6 3.b3 d6 4.Bb2 Nf6 5.Qe2 Nc6 6.g3 Be7 7.Bg2 e5 8.c3 O-O 9.O-O Bg4
10.Na3 Bh5 11.d3 Re8 12.Nc2 d5 13.h3 d4 14.c4 Nd7 15.Bc1 a6 16.a4 b6 17.Bd2 h6
18.Rfb1 Nb4 19.Rb2 a5 20.Na3 Rc8 21.Nb5 Rc6 22.Qf1 Kh8 23.Nh2 g5 24.Bf3 Bxf3
25.Nxf3 Rg8 26.Qe2 Qf8 27.Kg2 h5 28.Rh1 Qg7 29.Rbb1 Qg6 30.Rbf1 Kg7 31.Rfg1 Kf8
32.Kf1 Ke8 33.Ke1 Kd8 34.Kd1 Re6 35.Re1 Kc8 36.Kc1 Rf8 37.g4 h4 38.Kb2 f6
39.Rhf1 Kb7 40.Rd1 Rc8 41.Ne1 Nb8 42.Qf3 Bf8 43.Qf5 Qxf5 44.gxf5 Ree8 45.Rg1 Rcd8
46.Na3 Rd7 47.Bxb4 axb4 48.Nb1 Nc6 49.Nf3 Rh7 50.Nbd2 Be7 51.Nh2 Nd8 52.Ra1 Ka6
53.Ng4 Nf7 54.Rg2 Bd8 55.Rag1 Kb7 56.Kc2 Kc6 57.f4 exf4 58.Nf3 Kd6 59.Re1 Ne5
60.Ngxe5 Rxe5 61.Kd2 Rh5 62.Ke2 Rh7 63.Kf1 Ra7 64.Ra2 Rh7 65.Kg2 Rg7 66.Nh2 Rh7
67.Rea1 Ra7 68.Kf3 Ra5 69.Kg4 Ra7 70.Nf3 Ra8 71.Re2 Ra7 72.Rg2 Rh7 73.Rga2 Ra7
74.Kh5 Rh7+ 75.Kg4  1/2-1/2

[Event "Donner mem"]
[Site "Amsterdam"]
[Date "1996.??.??"]
[Round "4"]
[White "Van Wely, Loek"]
[Black "Salov, Valery"]
[Result "0-1"]
[WhiteElo "2605"]
[BlackElo "2675"]

1.d4 Nf6 2.c4 e6 3.Nf3 Bb4+ 4.Bd2 a5 5.g3 b6 6.Bg2 Bb7 7.O-O O-O 8.Bf4 Be7
9.Nc3 Ne4 10.Qc2 Nxc3 11.Qxc3 d6 12.Rfd1 Nd7 13.Rac1 h6 14.Qd3 f5 15.Qe3 Rf6
16.h4 Qe8 17.Qa3 e5 18.c5 exf4 19.c6 Bxc6 20.Rxc6 fxg3 21.Rxc7 gxf2+ 22.Kxf2 Rc8
23.Rdc1 Rxc7 24.Rxc7 Bd8 25.Qb3+ Kh8 26.Ra7 Rf8 27.Bh3 Nf6 28.Bxf5 Ne4+ 29.Bxe4 Qxe4
30.Rf7 Bxh4+ 31.Nxh4 Qxh4+ 32.Kg2 Qg5+ 33.Kf2 Rxf7+ 34.Qxf7 Qf6+ 35.Qxf6 gxf6
36.Kg3 Kg7 37.Kf4 Kg6 38.e4 a4 39.b4 b5 40.a3 h5  0-1

[Event "Donner mem"]
[Site "Amsterdam"]
[Date "1996.??.??"]
[Round "10"]
[White "Salov, Valery"]
[Black "Timman, Jan H"]
[Result "0-1"]
[WhiteElo "2675"]
[BlackElo "2590"]

1.d4 Nf6 2.c4 e6 3.Nc3 Bb4 4.e3 b6 5.Ne2 Ne4 6.Qc2 f5 7.Nf4 c5 8.Bd3 cxd4
9.exd4 Nxc3 10.bxc3 Bd6 11.Qe2 O-O 12.h4 Bb7 13.Kf1 Qf6 14.Rh3 Nc6 15.Rb1 Ba6
16.Nh5 Qf7 17.Bf4 Be7 18.Rg3 g6 19.Bg5 Bxg5 20.Rxg5 Rae8 21.Qd2 e5 22.Ng3 Bxc4
23.Bxc4 Qxc4+ 24.Kg1 exd4 25.Nxf5 Rxf5 26.Rxf5 gxf5 27.Qg5+ Kf8 28.Qh6+ Ke7
29.cxd4 Kd8 30.Rd1 Qe2 31.Rd2 Qe6 32.Qf4 Qd5 33.f3 Kc8 34.Kf2 Kb7 35.h5 Nb4
36.a3 Qe6  0-1

[Event "Donner mem"]
[Site "Amsterdam"]
[Date "1996.??.??"]
[Round "11"]
[White "Hodgson, Julian M"]
[Black "Salov, Valery"]
[Result "0-1"]
[WhiteElo "2550"]
[BlackElo "2675"]

1.c4 e5 2.Nc3 Nf6 3.Nf3 Nc6 4.g3 Bb4 5.Bg2 O-O 6.O-O Bxc3 7.bxc3 Re8 8.d3 e4
9.Nd4 exd3 10.exd3 h6 11.Rb1 Nxd4 12.cxd4 d5 13.Bf4 b6 14.Be5 Bb7 15.Qf3 Nh7
16.h4 Qe7 17.Qg4 Nf6 18.Qf4 Nh5 19.Qf3 Nf6 20.Rbe1 Qe6 21.Qf4 Nh5 22.Qc1 Qd7
23.Qd1 Nf6 24.Bxf6 gxf6 25.Qh5 Kg7 26.cxd5 Rad8 27.Re4 Bxd5 28.Rxe8 Bxg2
29.Rxd8 Qh3 30.Qg4+ Qxg4 31.Kxg2 Qe2 32.Rc1 Qxd3 33.Re1 c5 34.Re3 Qc4 35.d5 Qxa2
36.Re7 Qc4 37.Rdd7 Kg6 38.Rd8 h5 39.Rdd7 a5 40.Rxf7 Qe4+ 41.Kg1 a4 42.Rg7+ Kf5
43.Rdf7 Qb1+ 44.Kg2 Ke5 45.d6 Kxd6 46.Rxf6+ Kd5 47.Rf4 a3 48.Rd7+ Kc6 49.Ra7 Qb3
50.Rf3 Qd5 51.Rxa3 c4 52.Kh2 Kc5 53.Rf8 Kb4 54.Re3 b5 55.Rf4 Ka4 56.g4 hxg4
57.Rxg4 b4 58.Ree4 Qd6+ 59.Kg2 c3 60.Rc4 Kb3 61.h5 Qd5+  0-1

[Event "Belgrade"]
[Site "Belgrade"]
[Date "1996.??.??"]
[Round "1"]
[White "Karpov, Anatoly"]
[Black "Salov, Valery"]
[Result "1/2-1/2"]
[WhiteElo "2770"]
[BlackElo "2670"]

1.d4 Nf6 2.c4 c5 3.d5 b5 4.cxb5 a6 5.bxa6 g6 6.Nc3 Bxa6 7.e4 Bxf1 8.Kxf1 d6
9.g3 Bg7 10.Kg2 Nbd7 11.Nf3 O-O 12.Re1 Ng4 13.Bf4 Qa5 14.h3 Nge5 15.Nxe5 Nxe5
16.Qe2 Rfb8 17.Rac1 Qa6 18.Bxe5 Bxe5 19.Rc2 Qxe2 20.Rexe2 Rb4 21.a3 Rb3 22.Nd1 Bd4
23.Ne3 Bxe3 24.Rxe3 Rxe3 25.fxe3 Rb8 26.Kf3 Rb3 27.a4 f6 28.g4 Kf7 29.a5 Rb5
30.a6 Ra5 31.b4 cxb4 32.Rc6 b3 33.Rb6 b2 34.Rxb2 Rxa6 35.Rb8  1/2-1/2

[Event "Belgrade"]
[Site "Belgrade"]
[Date "1996.??.??"]
[Round "2"]
[White "Salov, Valery"]
[Black "Popovic, Petar"]
[Result "1/2-1/2"]
[WhiteElo "2670"]
[BlackElo "2570"]

1.d4 Nf6 2.c4 g6 3.Nf3 Bg7 4.g3 d5 5.Bg2 O-O 6.O-O c6 7.cxd5 cxd5 8.Nc3 e6
9.Ne5 Nfd7 10.f4 Nc6 11.Be3 Nb6 12.Bf2 f6 13.Nf3 f5 14.Ne5 Bd7 15.Rc1 Be8
16.Nb1 Nc8 17.Nd2 Nd6 18.Qb3 a5 19.Rc5 Kh8 20.h4 Bd7 21.a3  1/2-1/2

[Event "Belgrade"]
[Site "Belgrade"]
[Date "1996.??.??"]
[Round "3"]
[White "Ilincic, Zlatko"]
[Black "Salov, Valery"]
[Result "1/2-1/2"]
[WhiteElo "2555"]
[BlackElo "2670"]

1.d4 Nf6 2.c4 e6 3.Nf3 Bb4+ 4.Bd2 Qe7 5.g3 Nc6 6.Bg2 Bxd2+ 7.Nbxd2 d6 8.O-O e5
9.d5 Nb8 10.e4 a5 11.Ne1 O-O 12.Nd3 Na6 13.a3 c6 14.dxc6 bxc6 15.b4 Bg4 16.Qe1 Rab8
17.Rb1 Qa7 18.h3 Be6 19.Qe2 Nd7 20.Kh2 f6 21.Rfc1 axb4 22.axb4 Rb6 23.Rb2 Rfb8
24.Rcb1 Nc7 25.Nc1 Na6 26.Nd3 Nc7 27.Nc1 Na6  1/2-1/2

[Event "New York CITS"]
[Site "New York"]
[Date "1996.??.??"]
[Round "2"]
[White "Kortschnoj, Viktor"]
[Black "Salov, Valery"]
[Result "1-0"]
[WhiteElo "2645"]
[BlackElo "2670"]

1.d4 Nf6 2.c4 e6 3.Nc3 Bb4 4.e3 c5 5.Bd3 Nc6 6.Ne2 cxd4 7.exd4 d5 8.O-O dxc4
9.Bxc4 O-O 10.a3 Bxc3 11.bxc3 e5 12.Bg5 Qd6 13.Re1 Bg4 14.f3 Be6 15.Bxe6 fxe6
16.Bxf6 Rxf6 17.Ng3 Qc7 18.Ne4 Rh6 19.d5 exd5 20.Qxd5+ Qf7 21.Rad1 Rf8 22.c4 Rg6
23.Nc5 b6 24.Nd7 Rd8 25.h4 Re6 26.h5 Re7 27.Qxc6 Rexd7 28.Rxd7 Qxd7 29.Qxd7 Rxd7
30.Rxe5 Rd3 31.Re7 Rxa3 32.Kf2 Rc3 33.Rxa7 Rxc4 34.Rb7 Rc6 35.g4 h6 36.Kg3 Kh7
37.Rb8 g5 38.hxg6+ Rxg6 39.Kh4 Rd6 40.f4  1-0

[Event "New York CITS"]
[Site "New York"]
[Date "1996.??.??"]
[Round "4"]
[White "Sokolov, Ivan"]
[Black "Salov, Valery"]
[Result "1/2-1/2"]
[WhiteElo "2665"]
[BlackElo "2670"]

1.d4 f5 2.g3 Nf6 3.Bg2 e6 4.Nf3 d5 5.O-O Bd6 6.c4 c6 7.b3 Qe7 8.a4 a5 9.Ba3 Bxa3
10.Nxa3 O-O 11.Nc2 Rd8 12.Qc1 b6 13.Nce1 Nbd7 14.Nd3 Ba6 15.Nfe5 Nxe5 16.Nxe5 Rac8
17.Qe3 Nd7 18.Rfc1 Nxe5 19.Qxe5 Qf6 20.Qxf6 gxf6 21.c5 Rb8 22.e3 Rdc8 23.Ra3 Be2
24.f3 bxc5 25.Kf2 Bd3 26.Rxc5 Rb6 27.Rxa5 Rcb8 28.Rc5 Rxb3 29.Rxb3 Rxb3 30.g4 fxg4
31.fxg4 Rb6 32.a5 Rb2+ 33.Kg3 Bb5 34.e4 Kg7 35.exd5 exd5 36.a6 Rb3+ 37.Kh4 Bxa6
38.Rxc6 Bc4 39.g5 Rb2 40.gxf6+ Kg6 41.Bf3 Rxh2+ 42.Kg3 Ra2 43.Bg4 Bb5 44.Rb6 Be8
45.Kf4 Rf2+ 46.Ke3 Rxf6 47.Bh5+ Kxh5 48.Rxf6 Bg6 49.Rd6 Be4 50.Kf4 Bh1 51.Rf6 Be4
52.Re6 Bh1 53.Re1 Be4 54.Rg1 h6 55.Rg7 Kh4 56.Re7 h5 57.Re5 Bg2 58.Rg5 Be4
59.Rg3 Bh1 60.Re3 Bg2 61.Re1 Kh3 62.Re3+ Kh4 63.Ra3 Be4 64.Rg3 Bh1 65.Rg1 Be4
66.Re1 Bg2 67.Re3 Bh1 68.Rg3  1/2-1/2

[Event "New York CITS"]
[Site "New York"]
[Date "1996.??.??"]
[Round "5"]
[White "Salov, Valery"]
[Black "Waitzkin, Joshua"]
[Result "1/2-1/2"]
[WhiteElo "2670"]
[BlackElo "2435"]

1.d4 Nf6 2.Nf3 d5 3.c4 dxc4 4.e3 e6 5.Bxc4 a6 6.O-O c5 7.Bb3 Nc6 8.Qe2 cxd4
9.Rd1 d3 10.Rxd3 Qc7 11.Nc3 Bc5 12.Na4 Ba7 13.Bd2 O-O 14.Rc1 e5 15.e4 Qe7
16.Be3 Bg4 17.Nb6 Bxb6 18.Bxb6 Nh5 19.g3 Qf6 20.Qe3 Nf4 21.gxf4 exf4 22.Qd2 Bxf3
23.Rxf3 Ne5 24.Rxf4 Qxb6 25.Rf5 Rad8 26.Qe3 Qd6 27.Qg3 Nc6 28.Qxd6 Rxd6 29.Rd5 Rfd8
30.Rcd1 Rxd5 31.Rxd5 Kf8 32.f4 f6 33.Kf2 Ke7 34.h4 b6 35.Ke3 Rxd5 36.Bxd5 Kd6
37.Bg8 h6 38.h5 Kc5 39.Bf7 a5 40.a3 Ne7 41.Kd3 a4 42.e5 fxe5 43.fxe5 b5 44.Ke4 Kc6
45.Kd4 Nf5+ 46.Kd3 Kc5 47.Ke4 Ne7 48.Be8 Kc4 49.Bf7+ Kc5 50.Be6 Nc6 51.Bg4 Ne7
52.Be2 Kc6 53.Bf1 Kc5 54.Bd3 g6 55.hxg6 Nxg6 56.Kf5 Ne7+ 57.Ke6 Nc8 58.Be2 b4
59.axb4+ Kxb4 60.Kd7 Nb6+ 61.Kc6 Nc8 62.Bg4 Ne7+ 63.Kd6 h5 64.Bd7 Ng8 65.Be8 h4
66.Bf7 Nh6 67.Be6 h3 68.Bxh3 Nf7+ 69.Kd5 Nxe5 70.Kxe5  1/2-1/2

[Event "New York CITS"]
[Site "New York"]
[Date "1996.??.??"]
[Round "6"]
[White "Wolff, Patrick G"]
[Black "Salov, Valery"]
[Result "1/2-1/2"]
[WhiteElo "2565"]
[BlackElo "2670"]

1.e4 c5 2.Nf3 d6 3.d4 cxd4 4.Nxd4 Nf6 5.Nc3 e6 6.Be2 Be7 7.O-O Nc6 8.Be3 Bd7
9.Ndb5 Qb8 10.a4 O-O 11.Qd2 Rd8 12.f4 a6 13.Nd4 Nxd4 14.Bxd4 Bc6 15.Qe3 Nd7
16.e5 Qc7 17.Bd3 g6 18.Rae1 Re8 19.Qg3 f5 20.exf6 Bxf6 21.Bxf6 Nxf6 22.f5 exf5
23.Bxf5 Nh5 24.Rxe8+ Rxe8 25.Qg4 Qb6+ 26.Kh1 Kg7 27.Bd3 Qe3 28.b3 Re5 29.Nd1 Qd2
30.Nf2 Rg5 31.Qd4+ Nf6 32.Qxf6+ Kxf6 33.Ne4+ Ke7 34.Nxd2 Bxg2+ 35.Kg1 Bxf1+
36.Kxf1 Rh5 37.Nf3 Rc5 38.Kf2 Kf6 39.Ke3 h6 40.Kd4 Rh5 41.Bf1 Rf5 42.Bd3 Rc5
43.h3  1/2-1/2

[Event "New York CITS"]
[Site "New York"]
[Date "1996.??.??"]
[Round "7"]
[White "Salov, Valery"]
[Black "Sunye Neto, Jaime"]
[Result "1/2-1/2"]
[WhiteElo "2670"]
[BlackElo "2505"]

1.d4 Nf6 2.c4 e6 3.Nc3 Bb4 4.e3 O-O 5.Bd3 d5 6.a3 Bxc3+ 7.bxc3 dxc4 8.Bxc4 c5
9.Nf3 Qc7 10.Ba2 b6 11.O-O Nbd7 12.Qe2 Bb7 13.c4 Rac8 14.Bb2 Rfe8 15.Rfd1 cxd4
16.Nxd4 a6 17.f3 Nc5 18.Rac1 Rcd8 19.e4 Nfd7 20.Rc2 Ne5 21.Rcd2 Rd7 22.Nc2 Red8
23.Rxd7 Rxd7 24.Rxd7 Nexd7 25.e5 h6 26.Bd4 Bc6 27.Nb4 Ba4 28.Qe3 a5 29.Nd3 Bc2
30.Nxc5 Nxc5 31.Qc3 Bg6 32.Be3 Qd7 33.Bb3 Qd3 34.Qxd3 Bxd3 35.Bxc5 bxc5 36.Kf2 g5
37.Ke3 Bf1 38.g3 f6 39.exf6 Kf7 40.Kf2 Bd3 41.Ke3 Bf1 42.f4 g4 43.Kf2 Bd3
44.Ke3 Bf1 45.Bd1 h5 46.Ba4 Bxc4 47.Ke4 Kxf6 48.Be8 Bd5+ 49.Ke3 e5 50.Bxh5 Be6
51.Be8 c4 52.Ba4 Bf5 53.Kd2 exf4 54.gxf4 Be6 55.Bc2 Bf5 56.Bd1 Be6 57.Ke3 c3
58.Kd4 Kf5 59.Kxc3 Kxf4 60.Kd4 Bd7 61.Be2 Bc6 62.Kc5 Bf3 63.Bb5 Ke3 64.Kb6  1/2-1/2

[Event "New York CITS"]
[Site "New York"]
[Date "1996.??.??"]
[Round "11"]
[White "Ashley, Maurice"]
[Black "Salov, Valery"]
[Result "1/2-1/2"]
[WhiteElo "2460"]
[BlackElo "2670"]

1.e4 c5 2.Nf3 d6 3.d4 cxd4 4.Nxd4 Nf6 5.Nc3 e6 6.g4 h6 7.h4 Nc6 8.Rg1 d5
9.Bb5 Bd7 10.exd5 Nxd5 11.Nxd5 exd5 12.Be3 Qxh4 13.Qe2 Nxd4 14.Bxd4+ Qe7
15.Bxd7+ Kxd7 16.Be3 Rd8 17.O-O-O Kc8 18.Qf3 a6 19.Rd3 Qf6 20.Qxf6 gxf6 21.Rgd1 h5
22.gxh5 Rxh5 23.c4 Kc7 24.cxd5 Kd7 25.Rb3 Rc8+ 26.Kb1 b5 27.a4 Rb8 28.axb5 Rxb5
29.Rxb5 axb5 30.Kc2 Bd6 31.Kc3 Ke7 32.Kd4 Rh4+ 33.Kd3 Rh5 34.Kd4 Rh4+ 35.Kd3 Rh5
36.Kd4 Rh4+  1/2-1/2

[Event "St Petersburg"]
[Site "St Petersburg"]
[Date "1997.04.18"]
[Round "2"]
[White "Kortschnoj, Viktor"]
[Black "Salov, Valery"]
[Result "1/2-1/2"]
[WhiteElo "2635"]
[BlackElo "2665"]

1.c4 Nf6 2.Nc3 e5 3.Nf3 Nc6 4.a3 g6 5.d4 exd4 6.Nxd4 Bg7 7.Bg5 h6 8.Bh4 O-O
9.e3 Re8 10.Be2 Nxd4 11.exd4 g5 12.Bg3 Ne4 13.O-O d6 14.Bd3 f5 15.Bxe4 fxe4
16.Re1 Be6 17.Qb3 Bf7 18.Nxe4 Bxd4 19.Rad1 Bg7 20.Qxb7 Qb8 21.Qc6 Qb6 22.Qd7 Rad8
23.Qf5 Qxb2 24.h4 Be6 25.Qa5 Qb6 26.Qa4 Bd7 27.Qc2 Qa5 28.hxg5 hxg5 29.Qc1 Bc6
30.Nxg5 Qf5 31.c5 Qxc5 32.Qxc5 dxc5 33.Rxd8 Rxd8 34.Rc1 Rd5 35.Ne6 Bb2 36.Rb1 Bxa3
37.Rb8+ Kh7 38.Rc8 Bd7 39.Rxc7 Kg8 40.Rxa7 Bb4 41.Nf4 Rd1+ 42.Kh2 c4 43.Rc7 c3
44.Ne2 Rd3 45.Rc4 Ba5 46.f3 Be6 47.Rc6 Bd5 48.Rc8+ Kf7 49.Nf4 Rd2 50.Nxd5 Rxd5
51.Rc4 Ke6 52.Kh3 Rb5 53.Bf2 Kd5 54.Rd4+ Kc6 55.Rc4+ Kd5  1/2-1/2

[Event "St Petersburg"]
[Site "St Petersburg"]
[Date "1997.04.25"]
[Round "9"]
[White "Salov, Valery"]
[Black "Komarov, Dimitri"]
[Result "1-0"]
[WhiteElo "2665"]
[BlackElo "2615"]

1.d4 d5 2.c4 c6 3.Nf3 Nf6 4.Nc3 e6 5.Bg5 h6 6.Bxf6 Qxf6 7.e3 Nd7 8.Bd3 dxc4
9.Bxc4 g6 10.O-O Bg7 11.a4 O-O 12.a5 Qe7 13.Qc2 c5 14.Rfd1 cxd4 15.exd4 Nf6
16.Qe2 Re8 17.Ne5 Nd7 18.Nf3 Nf6 19.Rd3 Bd7 20.Ne5 Rac8 21.a6 bxa6 22.Bxa6 Rb8
23.Bc4 Rb7 24.Re3 Qb4 25.b3 a5 26.Rd1 a4 27.Nxd7 Rxd7 28.Bb5 axb3 29.Bxd7 Nxd7
30.Qb5 Qd6 31.Qxb3 Nf6 32.h3 Rd8 33.Qc4 Qf4 34.Rf3 Qh4 35.Qc5 Ne4 36.Nxe4 Qxe4
37.Qe7 Rf8 38.Qd7 Qe2 39.Rfd3 Bf6 40.d5 Rd8 41.Qa4 exd5 42.Re3 Qh5 43.Re8+ Rxe8
44.Qxe8+ Kg7 45.Rc1  1-0

[Event "Corsica rap op"]
[Site "Corsica"]
[Date "1997.??.??"]
[Round "1"]
[White "Salov, Valery"]
[Black "Guyard, Bertrand"]
[Result "1-0"]
[WhiteElo "2680"]
[BlackElo "2230"]

1.d4 Nf6 2.c4 g6 3.Nf3 Bg7 4.g3 O-O 5.Bg2 d6 6.O-O Nbd7 7.Nc3 e5 8.h3 c6
9.e4 exd4 10.Nxd4 Re8 11.b3 a5 12.Rb1 Nc5 13.Re1 Nfd7 14.Be3 Nb6 15.Re2 Qe7
16.Rd2 Bd7 17.Nde2 Bf8 18.Bxc5 dxc5 19.Na4 Bxh3 20.Bxh3 Nxa4 21.bxa4 Qxe4
22.Rxb7 Rab8 23.Rxb8 Rxb8 24.Bg2 Qxc4 25.Bxc6  1-0

[Event "Corsica rap op"]
[Site "Corsica"]
[Date "1997.??.??"]
[Round "2"]
[White "Lupu, Mircea Sergiu"]
[Black "Salov, Valery"]
[Result "1/2-1/2"]
[WhiteElo "2485"]
[BlackElo "2680"]

1.Nf3 Nf6 2.g3 d5 3.Bg2 c6 4.O-O Bg4 5.d4 Nbd7 6.c3 e6 7.Qb3 Qb6 8.Nbd2 Be7
9.Re1 Bf5 10.Nh4 Qxb3 11.axb3 Bc2 12.b4 g5 13.Nhf3 h6 14.h4 Rg8 15.hxg5 hxg5
16.Nh2 g4 17.e4 Nxe4 18.Nxe4 Bxe4 19.Bxe4 dxe4 20.Rxe4 Nf6 21.Re5 Nd7 22.Re4 Nf6
23.Re5 Nd7  1/2-1/2

[Event "Corsica rap op"]
[Site "Corsica"]
[Date "1997.??.??"]
[Round "4"]
[White "Villard, Patrick"]
[Black "Salov, Valery"]
[Result "0-1"]
[WhiteElo "2130"]
[BlackElo "2680"]

1.e4 c5 2.c3 Nf6 3.e5 Nd5 4.g3 d6 5.exd6 e6 6.Bg2 Bxd6 7.Nf3 Nc6 8.Na3 O-O
9.O-O b6 10.Re1 Bb7 11.Nc4 Be7 12.d4 cxd4 13.Nxd4 Nxd4 14.Qxd4 Bf6 15.Qd1 Qc7
16.Qb3 Rfd8 17.Ne3 Ne7 18.Ng4 Bxg2 19.Kxg2 Qc6+ 20.Kg1 Ng6 21.Be3 Qf3 22.h3 h5
23.Nh2 Qf5 24.Kg2 Ne5 25.Rad1 Nd3 26.Rf1 Rd5 27.Rd2 Rad8 28.Rfd1 Qe4+ 29.Kg1 Nxf2
30.Kxf2 Rf5+ 31.Bf4 Rxf4+ 32.gxf4 Bh4+ 33.Kg1 Qe3+ 34.Kh1 Rxd2 35.Rxd2 Qe1+
36.Kg2 Qxd2+ 37.Kh1 Qe1+ 38.Kg2 Qf2+ 39.Kh1  0-1